UM Logo
Normal view MARC view
  • Politics.

Entry Topical Term

Number of records used in: 1

001 - CONTROL NUMBER

  • control field: 48336

003 - CONTROL NUMBER IDENTIFIER

  • control field: OSt

005 - DATE AND TIME OF LATEST TRANSACTION

  • control field: 20230331144247.0

008 - FIXED-LENGTH DATA ELEMENTS

  • fixed length control field: 230331|| aca||aabn | a|a d

040 ## - CATALOGING SOURCE

  • Original cataloging agency: OSt
  • Transcribing agency: OSt

150 ## - HEADING--TOPICAL TERM

  • Topical term or geographic name entry element: Politics.

670 ## - SOURCE DATA FOUND

  • Source citation: Work cat.: (OSt): Pazzibugan, Dona Z. 48335, Leni, Bongbong file final plea on protest at SC /, January 8, 2020.